000
00241nam a22000857a 4500
008
160705b xxu||||| |||| 00| 0 eng d
100
_9
2271
_a
Webster, N
245
_a
Webster's Newschool & Office Dictionary
260
_a
New Delhi
_b
The World
_c
1959
999
_c
1954
_d
1954